000 00779nam a2200241Ia 4500
003 OSt
005 20220926021858.0
006 a|||||r|||| 00| 0
007 ta
008 220923b |||||||| |||| 00| 0 eng d
037 _cGeneral Book
040 _aRTL
_cRTL
_beng
041 _2eng
_aeng
082 _aVIN45,936:8.N57, J7,1/UN
110 _aUnited Nations, Trusteeship Council, Official records: 19 sessions
_9327092
245 0 _aResolutions
_b 14 March-15 May 1957.
260 _aNew York
_bUnited Nations
_c1957
300 _a24p.
_ccm.
500 _aSupp. no.1
700 _aUnited Nations, Trusteeship Council, Official records: 19 sessions
_9327093
942 _hVIN45,936:8.N57, J7,1/UN
_cGB
_2CC
999 _c637922
_d637922